Az országgyűlés és a kormány európai integrációs együttműködése Magyarországon

The theme of the study is to demonstrate, where can the national parliaments take part in the European decision making process, and how is it possible to scrutinize their government in european matters. The study also specifies the Hungarian scrutiny model from the arrangements until the voted act....

Teljes leírás

Elmentve itt :
Bibliográfiai részletek
Szerző: Király Andrea
Dokumentumtípus: Cikk
Megjelent: 2004
Sorozat:Acta Universitatis Szegediensis : acta juridica et politica : publicationes doctorandorum juridicorum 4 No. 1-15
Kulcsszavak:Jogtudomány
Tárgyszavak:
Online Access:http://acta.bibl.u-szeged.hu/7547
LEADER 02095nab a2200241 i 4500
001 acta7547
005 20250320112349.0
008 161015s2004 hu o 000 hun d
022 |a 0324-6523 
040 |a SZTE Egyetemi Kiadványok Repozitórium  |b hun 
041 |a hun 
041 |a eng 
100 1 |a Király Andrea 
245 1 3 |a Az országgyűlés és a kormány európai integrációs együttműködése Magyarországon  |h [elektronikus dokumentum] /  |c  Király Andrea 
260 |c 2004 
300 |a 321-347 
490 0 |a Acta Universitatis Szegediensis : acta juridica et politica : publicationes doctorandorum juridicorum  |v 4 No. 1-15 
520 3 |a The theme of the study is to demonstrate, where can the national parliaments take part in the European decision making process, and how is it possible to scrutinize their government in european matters. The study also specifies the Hungarian scrutiny model from the arrangements until the voted act. The study is introduced with the relating European Union Treaties — the developing of the national parliaments from Maastricht Treaty till the text of the working group of the Convention. Afterwards drafts the European Union decision making process — points out where can the national parliaments give their word, where are the key points where can influence the legislative proposals. Secondly, delineates the groups of the possible scrutiny systems by giving experiences from the old member states. The third part of the study is about the Hungarian scrutiny model. In details: the preparation phase of the act, the debate between the Government's proposal and the Parliament's concept (the conciliatory forums among the four parties). Finally, fully explains the scrutiny modell of Hungary through the act and gives further opinions for the future: how could it work in practice and what could be the problem in the use. 
650 4 |a Társadalomtudományok 
650 4 |a Jogtudomány 
650 4 |a Politikatudomány 
695 |a Jogtudomány 
856 4 0 |u http://acta.bibl.u-szeged.hu/7547/1/juridpol_doct_004_321-348.pdf  |z Dokumentum-elérés